=LDR 00000nam 2200000 4500 =001 INLIS000000000030349 =005 20130612132512 =008 ***********************************Ind** =035 ##$$0010-061300000030349 =041 ##$$a Ind =082 ##$$a 899.213 09 =090 ##$$a 899.213 09, SAY a =100 ##$$a Sayekti, Sri =245 ##$$a Analisis struktur cerita pendek dalam majalah tahun 1930-1934, studi kasus majalah pandji poestaka, Poejangga Baru, dan Moestika Romans, Sri Sayekti, L.M. Elmi Wiarti, dan Amir Mahmud =260 ##$$a 1998 $b Jakarta =300 ##$$a xii, 336 hlm., 21 cm =650 ##$$a Cerita pendek Indonesia =650 ##$$a Apresiasi =850 ##$$a NBPNMAT